Globalization and the Muslim world / (Record no. 21339)

MARC details
000 -LEADER
fixed length control field 01189cam a2200349 a 4500
001 - CONTROL NUMBER
control field 13969120
003 - CONTROL NUMBER IDENTIFIER
control field BDDh-ASL
005 - DATE AND TIME OF LATEST TRANSACTION
control field 20231015030004.0
008 - FIXED-LENGTH DATA ELEMENTS--GENERAL INFORMATION
fixed length control field 041217s2003 bg b 000 0 eng
010 ## - LIBRARY OF CONGRESS CONTROL NUMBER
LC control number 2004312739
020 ## - INTERNATIONAL STANDARD BOOK NUMBER
Canceled/invalid ISBN 9848203350
025 ## - OVERSEAS ACQUISITION NUMBER
Overseas acquisition number B-E-2004-312739; 22
035 ## - SYSTEM CONTROL NUMBER
System control number (DLC) 2004312739
037 ## - SOURCE OF ACQUISITION
Source of stock number/acquisition Library of Congress -- New Delhi Overseas Office
Terms of availability Tk500.00 ($25.00 U.S.)
040 ## - CATALOGING SOURCE
Original cataloging agency DLC
Transcribing agency DLC
Modifying agency BDDh-ASL
042 ## - AUTHENTICATION CODE
Authentication code lcode
050 00 - LIBRARY OF CONGRESS CALL NUMBER
Classification number HC499
Item number .G56 2003
082 ## - DEWEY DECIMAL CLASSIFICATION NUMBER
Classification number 297.87
Item number GLO
245 00 - TITLE STATEMENT
Title Globalization and the Muslim world /
Statement of responsibility, etc. edited by M. Kabir Hassan.
260 ## - PUBLICATION, DISTRIBUTION, ETC.
Place of publication, distribution, etc. Dhaka :
Name of publisher, distributor, etc. Bangladesh Institute of Islamic Thought,
Date of publication, distribution, etc. 2003.
300 ## - PHYSICAL DESCRIPTION
Extent 415 p. :
Dimensions 23 cm.
504 ## - BIBLIOGRAPHY, ETC. NOTE
Bibliography, etc. note Includes bibliographical references.
520 ## - SUMMARY, ETC.
Summary, etc. Contributed articles.
650 #0 - SUBJECT ADDED ENTRY--TOPICAL TERM
Topical term or geographic name entry element Globalization
General subdivision Economic aspects
Geographic subdivision Islamic countries.
650 #0 - SUBJECT ADDED ENTRY--TOPICAL TERM
Topical term or geographic name entry element Globalization
General subdivision Religious aspects.
651 #0 - SUBJECT ADDED ENTRY--GEOGRAPHIC NAME
Geographic name Islamic countries
General subdivision Economic conditions
Chronological subdivision 20th century.
700 1# - ADDED ENTRY--PERSONAL NAME
Personal name Hassan, Kabir.
710 2# - ADDED ENTRY--CORPORATE NAME
Corporate name or jurisdiction name as entry element Bangladesh Institute of Islamic Institute.
906 ## - LOCAL DATA ELEMENT F, LDF (RLIN)
a 7
b cbc
c origode
d 3
e ncip
f 20
g y-gencatlg
942 ## - ADDED ENTRY ELEMENTS (KOHA)
Source of classification or shelving scheme Dewey Decimal Classification
Koha item type Books
Holdings
Withdrawn status Lost status Source of classification or shelving scheme Damaged status Not for loan Collection code Home library Current library Shelving location Date acquired Source of acquisition Total Checkouts Full call number Barcode Date last seen Copy number Price effective from Koha item type
    Dewey Decimal Classification     Non-fiction Asiatic Society Library Asiatic Society Library General Stacks 01/28/2021 Complementary   297.87 GLO 105038 01/28/2021 C-1 01/28/2021 Books

Powered by Koha